000 00707nam a22001935i 4500
001 157444
003 ES-MaACL
005 20230906210705.0
008 990701s1897 fr |||| | fre d
040 _aGA
_bspa
_cCCPB | 3D
100 1 _aLefèvre, André.
_971236
245 1 2 _aL'Histoire
_b: entretiens sur l'évolution historique /
_cpar André Lefévre.
260 _aParis :
_bSchleicher Frères,
_c1897 (
_fTypographie A. Hennuyer)
300 _aVIII, 691 p. ;
_c19 cm.
490 1 _aBibliothèque des sciences contemporaines. . 2ème série
830 0 _aBibliothèque des sciences contemporaines. . 2ème série
_9221787
852 _aES-MaACL
_jF-13392
_z-- Enc. tela
999 _c157444
_d157444